|
|
|
|
| LEADER |
00000cam a2200000 7i4500 |
| 001 |
0000012684 |
| 005 |
20071228.0 |
| 008 |
071228 |
| 020 |
|
|
|a 9839017578
|
| 090 |
0 |
0 |
|a 297.21
|b SYA
|
| 100 |
1 |
|
|a Syahrin Jasah
|
| 245 |
1 |
0 |
|a Asma Ul Husna :
|b rahsia & amalan 99 Nama Allah
|c Syahrin Jasah
|
| 260 |
|
|
|a Kuala Lumpur :
|b Darul Nu'man ,
|c 1998
|
| 650 |
|
0 |
|a God (Islam)
|x Worship and love
|
| 650 |
|
0 |
|a God (slam)
|x Name
|
| 700 |
0 |
|
|a Title
|
| 999 |
|
|
|a 0000762140
|b Book
|c Adult Collection
|e Cawangan Pontian
|
| 999 |
|
|
|a 0001008605
|b Book
|c Adult Collection
|e Perbadanan Perpustakaan Awam Johor
|
| 999 |
|
|
|a 0001008606
|b Book
|c Adult Collection
|e Perbadanan Perpustakaan Awam Johor
|
| 999 |
|
|
|a 0001008607
|b Book
|c Adult Collection
|e Perbadanan Perpustakaan Awam Johor
|